000 00293nam a22001337a 4500
008 170623b xxu||||| |||| 00| 0 eng d
020 _a9780673524416
041 _aeng
080 _24TH
_a32
100 _a21
101 _aSHP
245 _aINTERNATIONAL POLITICS
_cART,R.C
942 _2udc
_cBK
999 _c18922
_d18922